|
|
|
|
| LEADER |
00000cam a2200000 7i4500 |
| 001 |
0000003864 |
| 005 |
20110801.0 |
| 020 |
0 |
0 |
|a 0851994814
|
| 090 |
0 |
0 |
|a 333.7514091724
|b INNE 2000
|
| 245 |
1 |
0 |
|a Pollution and the forests of developing and rapidly industrializing regions
|c edited by J.L Innes & A.H.Haron
|
| 260 |
0 |
0 |
|a Wallingford :
|b CAB International ,
|c 2000
|
| 300 |
|
|
|a ix, 262 p. :
|b ill ;
|c 24 cm.
|
| 490 |
0 |
0 |
|a IUFRO research series 4
|
| 504 |
0 |
0 |
|a Includes bibliographical references
|
| 650 |
0 |
0 |
|a Air---pollution---environmental aspects---developing countries
|
| 650 |
0 |
0 |
|a Forest ecology---developing countries
|
| 650 |
0 |
0 |
|a Forests and forestry---environmental aspects---developing countries
|
| 700 |
0 |
1 |
|a Haron, A.H
|
| 700 |
0 |
1 |
|a Innes, John L
|
| 998 |
|
|
|a JPSM
|
| 999 |
|
|
|a 007374
|b Monograph
|c Open Shelf
|e Default branch
|